Connections : (Record no. 16742)
[ view plain ]
| 000 -LEADER | |
|---|---|
| fixed length control field | 00747nam a2200265Ia 4500 |
| 020 ## - INTERNATIONAL STANDARD BOOK NUMBER | |
| ISBN | 0021712700 (7, pt. 2) |
| 020 ## - INTERNATIONAL STANDARD BOOK NUMBER | |
| ISBN | 0021639809 (P) |
| 020 ## - INTERNATIONAL STANDARD BOOK NUMBER | |
| ISBN | 002164070X (7, pt. 1) |
| 020 ## - INTERNATIONAL STANDARD BOOK NUMBER | |
| ISBN | 0021640807 (8, pt. 1) |
| 020 ## - INTERNATIONAL STANDARD BOOK NUMBER | |
| ISBN | 0021712808 (8, pt. 2) |
| 040 ## - CATALOGING SOURCE | |
| Transcribing agency | TXH |
| 082 ## - DEWEY DECIMAL CLASSIFICATION NUMBER | |
| Classification number | 428 MAC 1987 A114 Or. |
| 245 00 - TITLE STATEMENT | |
| Title | Connections : |
| Remainder of title | Macmillan reading program / |
| 250 ## - EDITION STATEMENT | |
| Edition statement | Teacher's ed |
| 260 0# - PUBLICATION, DISTRIBUTION, ETC. (IMPRINT) | |
| Place of publication | New York : |
| Name of publisher | Macmillan, |
| Year of publication | 1987 |
| 300 ## - PHYSICAL DESCRIPTION | |
| Number of Pages | 17 v. : |
| Other physical details | col. ill. ; |
| Dimensions | 28 cm |
| 500 ## - GENERAL NOTE | |
| General note | Readiness and levels 1-14 |
| 650 #0 - SUBJECT ADDED ENTRY--TOPICAL TERM | |
| Topical Term | Readers (Primary) |
| 650 #0 - SUBJECT ADDED ENTRY--TOPICAL TERM | |
| Topical Term | Readers |
| 650 #0 - SUBJECT ADDED ENTRY--TOPICAL TERM | |
| Topical Term | Readers (Elementary) |
| 700 10 - ADDED ENTRY--PERSONAL NAME | |
| Personal name | Arnold, Virginia Ann |
| 700 10 - ADDED ENTRY--PERSONAL NAME | |
| Personal name | Smith, Carl Bernard |
| 710 20 - ADDED ENTRY--CORPORATE NAME | |
| Corporate name or jurisdiction name as entry element | Macmillan Publishing Company |
| 942 ## - ADDED ENTRY ELEMENTS (KOHA) | |
| Koha item type | សៀវភៅភាសាអង់គ្លេស |
No items available.